Interconexión del sistema financiero nacional a una red ATM
Zapisane w:
| 1. autor: | |
|---|---|
| Kolejni autorzy: | |
| Format: | Książka |
| Wydane: |
San José, C.R
1997
|
| Hasła przedmiotowe: | |
| Etykiety: |
Dodaj etykietę
Nie ma etykietki, Dołącz pierwszą etykiete!
|
MARC
| LEADER | 00000nam a2200000Ia 4500 | ||
|---|---|---|---|
| 003 | 008176 | ||
| 005 | 20221231144233.0 | ||
| 008 | 140114s1997 cr a m 000 ||s d | ||
| 040 | |c cru CEDI | ||
| 090 | |a TFG 3642 | ||
| 100 | |a Araya Chaverri, Alejandro |9 9568 | ||
| 245 | |a Interconexión del sistema financiero nacional a una red ATM | ||
| 260 | |c 1997 |a San José, C.R | ||
| 300 | |a xii, 119 hojas : ilustraciones | ||
| 500 | |a Proyecto de graduación (bachillerato en ingeniería eléctrica)--Universidad de Costa Rica. Facultad de Ingeniería. Escuela de Ingeniería Eléctrica | ||
| 650 | |x REDES DE COMPUTADORAS |x INTERFASES CON EL USUARIO (SISTEMA PARA COMPUTADORA) |x MODO DE TRANSFERENCIA ASINCRONO |9 9570 | ||
| 700 | |9 9569 |a Rojas Gallardo, Carlos Ernesto | ||
| 942 | |c TFG | ||
| 999 | |c 18872 |d 18872 | ||
